| 000 | 01154cam a2200361 a 4500 | ||
|---|---|---|---|
| 001 | 60313 | ||
| 003 | CO-BoRNBP | ||
| 005 | 20260122160052.0 | ||
| 007 | ta | ||
| 008 | 040518s2002 sp a r 00110dspa d | ||
| 020 | _a842533702X | ||
| 040 |
_ala _cla |
||
| 041 | 1 |
_aspa _heng |
|
| 043 | _ae-ur--- | ||
| 082 | 0 | 4 |
_a569.67 _bS76m _219 ed. |
| 100 | 1 |
_aStone, Richard. _968264 |
|
| 245 | 1 | 0 |
_aMamut : _bla historia secreta de los gigantes del hielo / _cRichard Stone ; traducción de Carles Andreu y Librada Piñero. |
| 250 | _a1a. edición | ||
| 300 |
_a249, [8] p. de láms. : _bil. ; _c22 cm. |
||
| 336 |
_2rdacontent _atexto _btxt |
||
| 337 |
_2rdamedia _asin mediación _bn |
||
| 338 |
_2rdacarrier _avolumen _bnc |
||
| 500 | _aIncluye índice. | ||
| 534 | _tMammoth. The resurrection of an ice age giant. | ||
| 650 | 7 |
_aAnimales fósiles. _2BLAAUTO _968265 |
|
| 650 | 7 |
_aPaleontología. _2BLAAUTO _98877 |
|
| 650 | 7 |
_aMamuts _z Federación Rusa. _2BLAAUTO _968266 |
|
| 650 | 7 |
_aClonación. _2BLAAUTO _98486 |
|
| 700 | 1 |
_aAndreu, Carles, _etr. _92670 |
|
| 700 | 1 |
_aPiñero, Librada, _etr. _968267 |
|
| 942 |
_2ddc _cBK |
||
| 949 |
_an _bn |
||
| 999 |
_c60313 _d60313 |
||